Channel Islands (California) - with a Map - Statistics

General Stats
  • This quiz has been taken 63 times
  • The average score is 6 of 8
Answers on the Map
Answers color-coded by a green-red scale on the quiz's map according to % correct below.
 
Answer Stats
Insel Inselkette Größe in km² % Correct
SB Santa Barbara Southern Isles 2,63
89%
SC Santa Catalina Southern Isles 194,19
82%
SR Santa Rosa Northern Isles 215,27
82%
SC Santa Cruz Northern Isles 249,95
79%
A Anacapa Northern Isles 2,95
75%
SC San Clemente Southern Isles 147,13
75%
SN San Nicolas Southern Isles 58,93
68%
SM San Miguel Northern Isles 37,74
57%
No matching quizzes found
Score Distribution
Percent of People with Each Score
Percentile by Number Answered
Your Score History
You have not taken this quiz